[Event "CFriend SI-2003-0-00005 email"]
[Site "Chessfriend.com"]
[Date "2003.03.14"]
[Round "?"]
[White "Kotov, Yuriy"]
[Black "Csoma, Robert"]
[Result "1-0"]
[WhiteElo "1781"]
[BlackElo "1512"]
[PlyCount "33"]
[EventDate "2003.03.14"]
[EventType "tourn (corr)"]
[EventRounds "10"]
[SourceTitle "Corr 2008"]
[Source "ChessBase"]
[SourceDate "2008.06.24"]
[SourceVersion "1"]
[SourceVersionDate "2008.06.24"]
[SourceQuality "1"]

1. Nf3 d5 2. d4 c5 3. c4 dxc4 4. Nc3 Nf6 5. d5 e6 6. e4 Be7 7. Bxc4 exd5 8. exd5 0-0 9. h3 a6 10. a4 Re8 11. 0-0 Nbd7 12. d6 Bf8 13. Bxf7+ Kxf7 14. Ng5+ Kg6 15. Qc2+ Kh5 16. Ne6 Qb6 17. Qf5+ 1-0

[Event "CFriend SI-2003-0-00005 email"]
[Site "Chessfriend.com"]
[Date "2003.03.14"]
[Round "?"]
[White "Sallai, Kalman"]
[Black "Kotov, Yuriy"]
[Result "1-0"]
[WhiteElo "1985"]
[BlackElo "1801"]
[PlyCount "59"]
[EventDate "2003.03.14"]
[EventType "tourn (corr)"]
[EventRounds "10"]
[SourceTitle "Corr 2008"]
[Source "ChessBase"]
[SourceDate "2008.06.24"]
[SourceVersion "1"]
[SourceVersionDate "2008.06.24"]
[SourceQuality "1"]

1. e4 c6 2. d4 d5 3. exd5 cxd5 4. c4 Nf6 5. Nc3 Nc6 6. Bg5 Be6 7. Nf3 Qa5 8. c5 Ne4 9. Bd2 Nxd2 10. Qxd2 g6 11. Bb5 Bg7 12. 0-0 0-0 13. Bxc6 bxc6 14. Rfe1 Qc7 15. b4 Rfb8 16. a4 a6 17. Rab1 Rb7 18. b5 axb5 19. axb5 cxb5 20. Nxb5 Qc6 21. Nc3 Bf5 22. Ra1 Rb3 23. h3 Rxa1 24. Rxa1 Qb7 25. Ne5 h6 26. Qe3 e6 27. c6 Qb8 28. Rc1 g5 29. Qe2 f6 30. Nd7 1-0

[Event "IECG CP.2002.P.00069 email"]
[Site "IECG email"]
[Date "2002.10.01"]
[Round "?"]
[White "Kotov, Yuriy"]
[Black "Knoeppel, Bjoern"]
[Result "0-1"]
[WhiteElo "1781"]
[BlackElo "2073"]
[PlyCount "30"]
[EventDate "2002.10.01"]
[EventType "tourn (corr)"]
[EventRounds "6"]
[EventCountry "ENG"]
[SourceTitle "Corr 2008"]
[Source "ChessBase"]
[SourceDate "2008.06.24"]
[SourceVersion "1"]
[SourceVersionDate "2008.06.24"]
[SourceQuality "1"]

1. d4 d5 2. Nf3 Nc6 3. Bf4 Bg4 4. Ne5 Nxe5 5. dxe5 e6 6. f3 Bf5 7. g4 Bg6 8. e3 c6 9. c3 Bc5 10. Qe2 Qb6 11. b4 Be7 12. Nd2 a5 13. b5 Ba3 14. Kf2 Ne7 15. Kg2 Rc8 0-1

[Event "IECG QB.2002.0.00012"]
[Site "IECG email"]
[Date "2002.01.15"]
[Round "?"]
[White "Berube, Simon"]
[Black "Kotov, Yuriy"]
[Result "0-1"]
[WhiteElo "1994"]
[BlackElo "1800"]
[PlyCount "56"]
[EventDate "2002.01.15"]
[EventType "tourn (corr)"]
[EventRounds "6"]
[SourceTitle "Corr 2008"]
[Source "ChessBase"]
[SourceDate "2008.06.24"]
[SourceVersion "1"]
[SourceVersionDate "2008.06.24"]
[SourceQuality "1"]

1. c4 Nf6 2. Nc3 e6 3. g3 Bb4 4. Nf3 b6 5. Bg2 Bb7 6. 0-0 0-0 7. Qb3 c5 8. d4 Nc6 9. a3 Na5 10. Qa2 Bxc3 11. bxc3 Rc8 12. a4 cxd4 13. cxd4 Nxc4 14. Bg5 h6 15. Bxf6 Qxf6 16. Rac1 Bxf3 17. Bxf3 d5 18. Rfd1 Nd6 19. Rb1 Rc4 20. a5 Rxd4 21. Rxd4 Qxd4 22. axb6 axb6 23. e3 Qc5 24. Qa7 Qc2 25. Qxb6 Nc4 26. Qb3 Qxb3 27. Rxb3 Nd2 28. Bxd5 exd5 0-1

[Event "IECG CP.2001.P.00004"]
[Site "IECG email"]
[Date "2001.10.01"]
[Round "?"]
[White "Dessens, John"]
[Black "Kotov, Yuriy"]
[Result "0-1"]
[WhiteElo "1328"]
[BlackElo "1800"]
[PlyCount "62"]
[EventDate "2001.10.01"]
[EventType "tourn (corr)"]
[EventRounds "6"]
[SourceTitle "Corr 2008"]
[Source "ChessBase"]
[SourceDate "2008.06.24"]
[SourceVersion "1"]
[SourceVersionDate "2008.06.24"]
[SourceQuality "1"]

1. d4 Nf6 2. Bf4 e6 3. Nf3 d5 4. e3 Bd6 5. Bg3 Ne4 6. Bd3 Nxg3 7. hxg3 h6 8. c3 c5 9. Nbd2 Qb6 10. Qb3 Qxb3 11. axb3 Nc6 12. g4 f6 13. Bg6+ Ke7 14. g5 Bd7 15. gxh6 Rxh6 16. Rxh6 gxh6 17. 0-0-0 cxd4 18. exd4 Rg8 19. Nh4 e5 20. Re1 Kd8 21. Bf7 Rg4 22. g3 Ne7 23. Ndf3 e4 24. Nd2 f5 25. Bh5 Rg5 26. Be2 f4 27. gxf4 Bxf4 28. c4 Nc6 29. cxd5 Nxd4 30. b4 Nb3+ 31. Kc2 Nxd2 0-1

[Event "IECG CP.2001.P.00004"]
[Site "IECG email"]
[Date "2001.10.01"]
[Round "?"]
[White "Kotov, Yuriy"]
[Black "Altea, Eduardo"]
[Result "1-0"]
[WhiteElo "1800"]
[BlackElo "1600"]
[PlyCount "58"]
[EventDate "2001.10.01"]
[EventType "tourn (corr)"]
[EventRounds "6"]
[SourceTitle "Corr 2008"]
[Source "ChessBase"]
[SourceDate "2008.06.24"]
[SourceVersion "1"]
[SourceVersionDate "2008.06.24"]
[SourceQuality "1"]

1. d4 d5 2. c4 c6 3. Nc3 Nf6 4. cxd5 cxd5 5. Bf4 Nc6 6. e3 Qb6 7. Nb5 e5 8. Bxe5 Bb4+ 9. Nc3 Ne4 10. Rc1 Nxe5 11. dxe5 Be6 12. Bd3 0-0 13. Nge2 Rac8 14. 0-0 Rfd8 15. Nd4 Bxc3 16. bxc3 Nxc3 17. Qh5 g6 18. Qh4 Bd7 19. f4 Nxa2 20. Rxc8 Rxc8 21. f5 Nb4 22. e6 Be8 23. fxg6 hxg6 24. Bxg6 fxg6 25. Qe7 Bb5 26. Rf7 Qc7 27. Rg7+ Kh8 28. Qxc7 Rxc7 29. Rxc7 Ba4 1-0

[Event "IECG CP.2001.P.00004"]
[Site "IECG email"]
[Date "2001.10.01"]
[Round "?"]
[White "Kotov, Yuriy"]
[Black "Soule, Larry P"]
[Result "1/2-1/2"]
[WhiteElo "1800"]
[BlackElo "900"]
[PlyCount "96"]
[EventDate "2001.10.01"]
[EventType "tourn (corr)"]
[EventRounds "6"]
[SourceTitle "Corr 2008"]
[Source "ChessBase"]
[SourceDate "2008.06.24"]
[SourceVersion "1"]
[SourceVersionDate "2008.06.24"]
[SourceQuality "1"]

1. d4 d5 2. c4 e6 3. Nc3 Nf6 4. Bg5 Be7 5. Nf3 0-0 6. e3 Nbd7 7. Rc1 c6 8. Bd3 dxc4 9. Bxc4 Nd5 10. Bxe7 Qxe7 11. 0-0 Nxc3 12. Rxc3 e5 13. Qc2 exd4 14. exd4 Nb6 15. Re1 Qd8 16. Bb3 Nd5 17. Bxd5 Qxd5 18. Rc5 Qd6 19. Ng5 g6 20. Qc3 Bf5 21. Rce5 Rad8 22. Re7 Qxd4 23. Qxd4 Rxd4 24. Rxb7 Rd7 25. Rxd7 Bxd7 26. f4 Re8 27. Rxe8+ Bxe8 28. Ne4 Kg7 29. Kf2 f5 30. Nc5 Bf7 31. a3 Kf6 32. Ke3 Bd5 33. g3 Ke7 34. Kd4 Kd6 35. b4 Bf3 36. Nd3 Be4 37. Ne5 Bd5 38. h4 a6 39. Nc4+ Bxc4 40. Kxc4 Kd7 41. Kd3 Ke6 42. Kd4 Kd6 43. h5 gxh5 44. a4 h6 45. Kc4 Kd7 46. Kc5 Kc7 47. a5 h4 48. gxh4 h5 1/2-1/2

[Event "IECG CP.2001.P.00004"]
[Site "IECG email"]
[Date "2001.10.01"]
[Round "?"]
[White "Leglise, Alain"]
[Black "Kotov, Yuriy"]
[Result "1-0"]
[WhiteElo "1300"]
[BlackElo "1800"]
[PlyCount "87"]
[EventDate "2001.10.01"]
[EventType "tourn (corr)"]
[EventRounds "6"]
[SourceTitle "Corr 2008"]
[Source "ChessBase"]
[SourceDate "2008.06.24"]
[SourceVersion "1"]
[SourceVersionDate "2008.06.24"]
[SourceQuality "1"]

1. e4 c5 2. Nf3 Nc6 3. d4 cxd4 4. Nxd4 Nf6 5. Nc3 d6 6. Bg5 e6 7. Bb5 Bd7 8. Qd3 a6 9. Nxc6 Bxc6 10. Bxc6+ bxc6 11. 0-0-0 Qb6 12. Bxf6 gxf6 13. f4 Rb8 14. b3 Be7 15. Rhe1 a5 16. f5 e5 17. Na4 Qb4 18. Qa6 Qb5 19. Qxb5 Rxb5 20. c4 Rb4 21. Re3 0-0 22. Red3 Kh8 23. Kc2 Rg8 24. g3 Rg4 25. c5 Rgxe4 26. cxd6 Re2+ 27. R1d2 e4 28. Rxe2 exd3+ 29. Kxd3 Bxd6 30. Rc2 Rb5 31. Rxc6 Bb4 32. Rxf6 Kg7 33. Rc6 Rxf5 34. Rc2 h5 35. Kd4 h4 36. Nc5 hxg3 37. hxg3 Rf3 38. Rg2 f5 39. Nd3 Bd6 40. Ne5 Rf1 41. Kd5 Bb4 42. Ke6 Be1 43. g4 fxg4 44. Nxg4 1-0